000 00738nam a2200229Ii 4500
003 JO-AjNU
008 230605s9999||||xx |||||||||||||| ||und||
017 _a2007/6735
020 _a978-99901-06-68-8
040 _aJO-AjNU
_bara
_erda
_cJO-AjNU
041 _aara
050 1 4 _aK3410.2007
100 3 _aخماس، فاروق أحمد,
_eauthor
_953111
245 0 0 _aالقضاء الإداري وتطبيقاته في مملكة البحرين
250 _aط1
264 3 1 _aالبحرين : جامعة البحرين ، 2007
300 _a319ص
336 _atext
_btxt
_2rdacontent
337 _aunmediated
_bn
_2rdamedia
338 _avolume
_bnc
_2rdacarrier
650 4 _aالقضاء الإداري -- البحرين
_953112
999 _aA23568
_c27136
_d27136